000 00438nam a2200181Ia 4500
005 20240823051746.0
008 240823s9999||||xx |||||||||||||| ||und||
020 _a0-8493-5715-2
041 _aENGLISH
082 _A621.313 P6
100 _aIon Boldea
245 0 _aVariable Speed Generators
250 _a1st
260 _c2006
_bT&F In
500 _aTRANSFERED
650 _aVariable Speed Generators
_bElectrical
942 _cBK
999 _c220306
_d220306